000 00597nam a2200193 4500
999 _c164060
_d164060
005 20191211110914.0
010 _aENG-125149
020 _a9788181582379
_c595.00
035 _aEN-108681
037 _bDBAD/PUB
082 _a954.920
245 _aThe India-Pakistan wars of 1971:
_ba history /
_cedited by SN Prasad
260 _aDehradun
_bNatraj Publishers
_c2014
270 _a17, Rajpur Road
_bDehradun
_e248001
300 _axxii,537p.
_c24cm(Hb)
500 _aIncludes bibliographical references and index
700 _aPrasad,S.N.
942 _2ddc
_cEN
_h954.920
_mIND